| 000 | 00925nam0a22002531 4500 | ||
|---|---|---|---|
| 001 | rc\333229 | ||
| 005 | 20260406134728.0 | ||
| 035 | _a(NLR Aleph) 005568418 | ||
| 090 |
_a5985925 _c5985925 |
||
| 100 | _a20030307d1989 |||y0rusy50 ca | ||
| 101 | 0 | _arus | |
| 102 | _aRU | ||
| 105 | _aa ||||||||| | ||
| 200 | 1 |
_aБолезни ягнят и поросят _eТруды _fЦелиногр. с.-х. ин-т _g[Редкол.: А.Ф. Дмитриев и др.] |
|
| 210 |
_aЦелиноград _cЦСХИ _d1989 |
||
| 215 |
_a108 с. _cил. _d20 |
||
| 320 | _aБиблиогр. в конце ст. | ||
| 702 | 1 |
_aДмитриев _bА.Ф. _gАнатолий Федорович _4340 |
|
| 712 | 0 | 2 |
_aЦелиноградский сельскохозяйственный институт _3RU\NLR\AUTH\889917735 _9331618 |
| 801 | 0 |
_aRU _bNLR _gpsbo |
|
| 801 | 1 |
_aRU _bELAR _2rusmarc |
|
| 852 |
_aNLR _j90-3/1685 |
||
| 942 | _cBOOK | ||
| 980 | _aNB | ||